[Event "OBEM 2015"]
[Site "Germany , Bremen"]
[Date "2015.03.29"]
[Round "2.43"]
[White "Buchloh, Adrian"]
[Black "Bilek, Thomas"]
[Result "1-0"]
[WhiteElo "1611"]
[BlackElo "1000"]
[PlyCount "47"]

1. d4 Nf6 2. Nc3 g6 3. e4 Nc6 4. f3 d6 5. Be3 d5 6. Bd3 dxe4 7. Nxe4 Nxd4 8.
Bxd4 Qxd4 9. Bb5+ c6 10. Bxc6+ Qd7 11. Bxd7+ Bxd7 12. Nxf6+ exf6 13. Qe2+ Be7
14. O-O-O O-O 15. Qxe7 Bf5 16. Qxf6 Rac8 17. c3 b5 18. Ne2 b4 19. g4 Be6 20. h4
Bxa2 21. h5 a5 22. Rd7 Be6 23. hxg6 fxg6 24. Qg7# 1-0

[Event "OBEM 2015"]
[Site "Germany , Bremen"]
[Date "2015.03.29"]
[Round "2.44"]
[White "Maul, Maik"]
[Black "Burblies, Andreas"]
[Result "0-1"]
[WhiteElo "1000"]
[BlackElo "1604"]
[PlyCount "68"]

1. e4 c6 2. Bc4 d5 3. exd5 cxd5 4. Bb5+ Nc6 5. Nf3 Bd7 6. Bxc6 Bxc6 7. Ne5 Qc7
8. Nf3 e5 9. d4 e4 10. Ne5 Nf6 11. Bg5 Be7 12. Nxc6 Qxc6 13. Bxf6 Bxf6 14. Nc3
O-O 15. Qd2 Rad8 16. O-O-O h6 17. g3 Bg5 18. f4 exf3 19. Qxg5 hxg5 20. Rhf1 g4
21. h3 f5 22. h4 Rfe8 23. h5 Qh6+ 24. Rd2 b5 25. a3 a5 26. Nxb5 Re2 27. Rfd1
Rxd2 28. Rxd2 f2 29. Nc3 f1=Q+ 30. Nd1 Re8 31. Kb1 Qxd2 32. Ka2 Qfxd1 33. a4
Q1xc2 34. h6 Qxb2# 0-1

[Event "OBEM 2015"]
[Site "Germany , Bremen"]
[Date "2015.03.29"]
[Round "2.15"]
[White "Bokelmann, Joachim"]
[Black "Koerber, Uwe"]
[Result "1/2-1/2"]
[WhiteElo "2022"]
[BlackElo "1832"]
[PlyCount "30"]

1. d4 d5 2. Bg5 c6 3. e3 Nd7 4. Bd3 Ngf6 5. c3 e5 6. Nd2 e4 7. Bc2 Be7 8. Ne2
Nh5 9. Bxe7 Qxe7 10. Ng3 Nxg3 11. hxg3 Nf6 12. Qe2 Bf5 13. O-O-O O-O-O 14. Rde1
Kb8 15. Kb1 h5 1/2-1/2

[Event "OBEM 2015"]
[Site "Germany , Bremen"]
[Date "2015.03.29"]
[Round "2.20"]
[White "Lai Hop, Long"]
[Black "Jung, Gerald"]
[Result "1/2-1/2"]
[WhiteElo "1796"]
[BlackElo "1953"]
[PlyCount "34"]

1. d4 Nf6 2. c4 g6 3. Nc3 Bg7 4. e4 O-O 5. e5 Ne8 6. Nf3 d6 7. Bf4 Bg4 8. Be2
Nd7 9. exd6 Nxd6 10. Bxd6 cxd6 11. O-O e5 12. dxe5 Bxf3 13. Bxf3 Nxe5 14. Bd5
Qh4 15. g3 Qh3 16. Bg2 Qf5 17. Be4 Qh3 1/2-1/2

[Event "OBEM 2015"]
[Site "Germany , Bremen"]
[Date "2015.03.29"]
[Round "2.47"]
[White "Buchloh, Falk"]
[Black "Schoenfeld, Fynn"]
[Result "1-0"]
[WhiteElo "1497"]
[BlackElo "883"]
[PlyCount "95"]

1. e4 e5 2. Bc4 Bc5 3. d3 c6 4. Nc3 Nf6 5. Bg5 h6 6. Bxf6 Qxf6 7. Qe2 d6 8. Na4
Nd7 9. Nxc5 Nxc5 10. Qd2 Be6 11. Bxe6 fxe6 12. Ne2 d5 13. f3 d4 14. Qb4 b6 15.
Qc4 O-O 16. a3 Qe7 17. b4 b5 18. Qxc5 Qxc5 19. bxc5 a5 20. Kd2 b4 21. axb4 axb4
22. Rxa8 Rxa8 23. Rb1 Rb8 24. f4 exf4 25. Nxd4 e5 26. Nxc6 Rb5 27. Nxe5 Rxc5
28. Ng6 Kf7 29. Nxf4 g5 30. Nd5 Rb5 31. Rxb4 Rxb4 32. Nxb4 Kg6 33. c4 Kf7 34.
d4 Ke6 35. c5 Kd7 36. d5 Kc7 37. d6+ Kd7 38. Kd3 h5 39. Kd4 Ke6 40. Nc6 Kd7 41.
Ne5+ Ke6 42. d7 Ke7 43. c6 Kd8 44. Nf7+ Kc7 45. d8=Q+ Kxc6 46. Qd6+ Kb7 47.
Nd8+ Kc8 48. Kc5 1-0

[Event "OBEM 2015"]
[Site "Germany , Bremen"]
[Date "2015.03.29"]
[Round "2.3"]
[White "Hundack, Rolf"]
[Black "Kuenitz, Bernhard"]
[Result "1-0"]
[WhiteElo "2246"]
[BlackElo "1900"]
[PlyCount "37"]

1. d4 e6 2. Nf3 d5 3. c4 dxc4 4. e4 Nf6 5. e5 Nd5 6. Bxc4 c6 7. O-O Be7 8. Nc3
Nd7 9. Qe2 Nf8 10. Bd2 Ng6 11. g3 O-O 12. h4 Bxh4 13. Nxh4 Nxc3 14. bxc3 Nxh4
15. gxh4 Qxh4 16. Kg2 f5 17. Rh1 Qe7 18. Qh5 g6 19. Qh4 1-0

[Event "OBEM 2015"]
[Site "Germany , Bremen"]
[Date "2015.03.29"]
[Round "2.27"]
[White "Pautz, Peter"]
[Black "Schneidt, Mike Niklas"]
[Result "1-0"]
[WhiteElo "2082"]
[BlackElo "1363"]
[PlyCount "57"]

1. d4 d5 2. Nf3 Bf5 3. g3 e6 4. Bg2 c6 5. O-O Nf6 6. c4 Nbd7 7. Nbd2 Bd6 8. Re1
e5 9. cxd5 cxd5 10. dxe5 Nxe5 11. Nd4 Qd7 12. Nxf5 Qxf5 13. e4 dxe4 14. Nxe4
Nxe4 15. Bxe4 Qd7 16. Bxb7 Qxb7 17. Qxd6 f6 18. f4 Rd8 19. Qe6+ Kf8 20. fxe5
Re8 21. Qd6+ Kg8 22. Bf4 Qxb2 23. exf6 Rxe1+ 24. Rxe1 gxf6 25. Qe6+ Kg7 26.
Qg4+ Kf7 27. Qh5+ Kf8 28. Bh6+ Kg8 29. Re8# 1-0

[Event "OBEM 2015"]
[Site "Germany , Bremen"]
[Date "2015.03.29"]
[Round "2.45"]
[White "Gerken, Juergen"]
[Black "Vaske, Philipp"]
[Result "1-0"]
[WhiteElo "1599"]
[BlackElo "947"]
[PlyCount "41"]

1. d4 d5 2. c4 dxc4 3. Nf3 Nf6 4. e3 Bg4 5. Bxc4 e6 6. O-O Bd6 7. h3 Bh5 8.
Nbd2 Nc6 9. Bb5 a6 10. Bxc6+ bxc6 11. Qa4 Bxf3 12. Nxf3 Qd7 13. Re1 O-O 14. e4
Be7 15. Bf4 a5 16. Rac1 Ra6 17. Ne5 Qe8 18. Qc4 Rb6 19. Re2 h6 20. Nxc6 Qd8 21.
Nxd8 1-0

[Event "OBEM 2015"]
[Site "Germany , Bremen"]
[Date "2015.03.29"]
[Round "2.28"]
[White "Ernst, Herwarth"]
[Black "Stern, Philipp"]
[Result "1/2-1/2"]
[WhiteElo "1950"]
[BlackElo "1620"]
[PlyCount "39"]

1. e4 c5 2. Nf3 d6 3. d4 cxd4 4. Nxd4 Nf6 5. Nc3 a6 6. Bg5 e6 7. f4 Be7 8. Qf3
h6 9. Bh4 Qc7 10. Bf2 b5 11. a3 Bb7 12. Bd3 Nbd7 13. O-O O-O 14. Nb3 Nc5 15. h3
d5 16. Nxc5 Bxc5 17. e5 d4 18. Ne4 Bxe4 19. Bxe4 Nxe4 20. Qxe4 1/2-1/2

[Event "OBEM 2015"]
[Site "Germany , Bremen"]
[Date "2015.03.29"]
[Round "2.19"]
[White "Beinke, Lukas"]
[Black "Heldt, Nils-Lennart"]
[Result "0-1"]
[WhiteElo "1958"]
[BlackElo "1708"]
[PlyCount "78"]

1. e4 c6 2. d4 d5 3. Nd2 dxe4 4. Nxe4 Bf5 5. Ng3 Bg6 6. Nf3 Nd7 7. h4 h6 8. h5
Bh7 9. Bd3 Bxd3 10. Qxd3 e6 11. Bf4 Qa5+ 12. Bd2 Bb4 13. c3 Be7 14. b4 Qc7 15.
Ne4 Ngf6 16. Nxf6+ Bxf6 17. Qe4 Nb6 18. Bf4 Qe7 19. O-O Nd5 20. Bd2 Bg5 21.
Nxg5 hxg5 22. Qg4 f5 23. Qe2 g4 24. Rae1 Nc7 25. f3 g3 26. Bf4 Qh4 27. Bxg3
Qxg3 28. Qc4 Qd6 29. Re5 Kd7 30. Rfe1 Rh6 31. b5 Rah8 32. bxc6+ bxc6 33. Rb1
Rxh5 34. Rb7 R8h6 35. Ra5 Qg3 36. Rxc7+ Qxc7 37. Qc5 f4 38. Qxh5 Rxh5 39. Rxh5
Ke7 0-1

[Event "OBEM 2015"]
[Site "Germany , Bremen"]
[Date "2015.03.29"]
[Round "2.26"]
[White "Holtermann, Klaas"]
[Black "Wessels, Stefan"]
[Result "0-1"]
[WhiteElo "1507"]
[BlackElo "1938"]
[PlyCount "42"]

1. e4 c5 2. Nf3 d6 3. d4 cxd4 4. Nxd4 Nf6 5. Nc3 a6 6. f4 g6 7. a4 Bg7 8. Bc4
Nbd7 9. Be3 Nc5 10. e5 Ng4 11. Qd2 dxe5 12. Nf3 Qxd2+ 13. Bxd2 exf4 14. Nd5 Ne6
15. Bxf4 Nxf4 16. Nc7+ Kf8 17. Nxa8 Bxb2 18. Rd1 Bc3+ 19. Nd2 Ne3 20. Kf2 Nxd1+
21. Rxd1 Bg4 0-1

[Event "OBEM 2015"]
[Site "Germany , Bremen"]
[Date "2015.03.29"]
[Round "2.41"]
[White "Zimmermann, Erik"]
[Black "Kueck, Alexander"]
[Result "1/2-1/2"]
[WhiteElo "1655"]
[BlackElo "1133"]
[PlyCount "57"]

1. e4 e5 2. Nf3 d6 3. Nc3 Nf6 4. d4 exd4 5. Nxd4 Be7 6. Be2 O-O 7. O-O b6 8.
Re1 Bb7 9. Bf3 Nbd7 10. Bf4 a6 11. a3 Re8 12. Nf5 Qb8 13. b4 b5 14. Nxe7+ Rxe7
15. Bg5 Qe8 16. Nd5 Bxd5 17. exd5 Rxe1+ 18. Qxe1 Qxe1+ 19. Rxe1 h6 20. Bd2 Ne5
21. Be4 Nc4 22. Bc1 Nb6 23. Bf3 Nbxd5 24. Bb2 c6 25. Bxf6 gxf6 26. Bxd5 cxd5
27. g3 Rc8 28. Re2 Rc3 29. Rd2 1/2-1/2

[Event "OBEM 2015"]
[Site "Germany , Bremen"]
[Date "2015.03.29"]
[Round "2.14"]
[White "Boehm, Karl"]
[Black "Mueller, Wolfgang"]
[Result "0-1"]
[WhiteElo "1859"]
[BlackElo "2025"]
[PlyCount "80"]

1. d4 d5 2. Nf3 Nf6 3. c4 e6 4. Nc3 c6 5. e3 Nbd7 6. cxd5 exd5 7. Bd3 Bd6 8.
O-O O-O 9. Qc2 Re8 10. a4 a5 11. b3 Qe7 12. Bb2 Ne4 13. Nd2 Nxd2 14. Qxd2 Nf6
15. Qc2 Bd7 16. Bf5 g6 17. Bxd7 Nxd7 18. g3 f5 19. Kg2 Nf6 20. h3 Rac8 21. Qd3
Qf7 22. Ba3 Bc7 23. b4 axb4 24. Bxb4 Ne4 25. Nxe4 fxe4 26. Qd1 Ra8 27. Qg4 Re6
28. h4 h5 29. Qe2 Rf6 30. f4 exf3+ 31. Rxf3 Rxf3 32. Qxf3 Qe6 33. Ra2 Re8 34.
Ra3 b6 35. Rc3 Ra8 36. Ra3 c5 37. dxc5 Rf8 38. Qe2 Qe4+ 39. Kh2 Qxb4 40. Qd3
Qxh4+ 0-1

[Event "OBEM 2015"]
[Site "Germany , Bremen"]
[Date "2015.03.29"]
[Round "2.4"]
[White "Steingraeber, Kai Uwe"]
[Black "Sausmikat, Armin"]
[Result "1-0"]
[WhiteElo "2203"]
[BlackElo "1893"]
[PlyCount "97"]

1. e4 e5 2. Nf3 Nc6 3. Bb5 a6 4. Ba4 Nf6 5. O-O Be7 6. Re1 d6 7. h3 b5 8. Bb3
O-O 9. c3 Nb8 10. d4 Nbd7 11. Nbd2 Bb7 12. Bc2 Re8 13. Nf1 Bf8 14. Ng3 g6 15.
a4 Rb8 16. axb5 axb5 17. d5 Ra8 18. Be3 Rxa1 19. Qxa1 Qa8 20. Bd3 c6 21. dxc6
Bxc6 22. Nd2 Qb7 23. f3 Nc5 24. Bf1 d5 25. b4 Ne6 26. exd5 Nxd5 27. Bf2 Nef4
28. Nge4 f5 29. Nc5 Qc7 30. Qb2 Bg7 31. c4 e4 32. Qb3 bxc4 33. Bxc4 Kh8 34.
fxe4 fxe4 35. Rxe4 Rxe4 36. Ndxe4 Qe5 37. b5 Qa1+ 38. Kh2 Ba8 39. b6 Be5 40.
Bg3 Nh5 41. Bxd5 Nxg3 42. Nxg3 Bxg3+ 43. Qxg3 Bxd5 44. b7 Bxb7 45. Qb8+ Kg7 46.
Qxb7+ Kh6 47. Qd5 Qc1 48. Qe5 Qd2 49. Ne6 1-0

[Event "OBEM 2015"]
[Site "Germany , Bremen"]
[Date "2015.03.29"]
[Round "2.1"]
[White "Jugelt, Tobias"]
[Black "Norbach, Alexander"]
[Result "1-0"]
[WhiteElo "2416"]
[BlackElo "1928"]
[PlyCount "105"]

1. d4 d5 2. c4 c6 3. Nf3 Nf6 4. Qc2 e6 5. Nbd2 Nbd7 6. g3 Be7 7. Bg2 b6 8. O-O
Bb7 9. e4 dxc4 10. Nxc4 c5 11. e5 Nd5 12. Bg5 Nb4 13. Qd2 O-O 14. Bxe7 Qxe7 15.
Nd6 Bd5 16. Nh4 Bxg2 17. Kxg2 Nc6 18. dxc5 Ndxe5 19. f4 Nd7 20. cxb6 Nxb6 21.
Rac1 Qd7 22. Nf3 Rfd8 23. Rfd1 Nd5 24. Ne4 Qb7 25. Qe2 Qb6 26. Kh3 Rac8 27. a3
a5 28. Rc5 Nce7 29. Rdc1 Rxc5 30. Rxc5 Rb8 31. Ne5 g6 32. b4 axb4 33. Nd7 Qd8
34. Nxb8 Qxb8 35. axb4 Qxb4 36. Rb5 Qa3 37. Rb8+ Kg7 38. Qb2+ Qxb2 39. Rxb2 h6
40. Rb7 Kf8 41. Kg2 f5 42. Nc5 Kf7 43. Nd3 Kf6 44. Ne5 g5 45. Kf3 h5 46. h4 g4+
47. Kf2 Nc3 48. Nd7+ Kf7 49. Nc5 Kf6 50. Ke3 Ncd5+ 51. Kd3 Nc6 52. Rh7 Kg6 53.
Rd7 1-0

[Event "OBEM 2015"]
[Site "Germany , Bremen"]
[Date "2015.03.29"]
[Round "2.5"]
[White "Ditmas, Hugh"]
[Black "Kuegel, Tobias"]
[Result "0-1"]
[WhiteElo "1893"]
[BlackElo "2189"]
[PlyCount "68"]

1. d4 Nf6 2. c4 Nc6 3. Nc3 e5 4. d5 Ne7 5. e4 Ng6 6. a3 Bc5 7. Bd3 d6 8. h3 O-O
9. Na4 Nd7 10. Nf3 a5 11. O-O Ba7 12. Bg5 Nf6 13. Qd2 h6 14. Be3 Bxe3 15. Qxe3
Nf4 16. Bc2 Bxh3 17. gxh3 Nxh3+ 18. Kh1 Ng4 19. Qd2 Qf6 20. Bd1 Qg6 21. Nh4
Ngxf2+ 22. Kh2 Qxe4 23. Ng2 Nxd1 24. Raxd1 Ng5 25. Qd3 Qg4 26. Qg3 Qh5+ 27. Qh4
Nf3+ 28. Rxf3 Qxf3 29. Nc3 f5 30. Re1 f4 31. Ne4 Rf5 32. Qe7 Qh5+ 33. Kg1 f3
34. Qh4 fxg2 0-1

[Event "OBEM 2015"]
[Site "Germany , Bremen"]
[Date "2015.03.29"]
[Round "2.9"]
[White "Rieping, Heiner"]
[Black "Kardoeus, David"]
[Result "1-0"]
[WhiteElo "1878"]
[BlackElo "2108"]
[PlyCount "79"]

1. e4 c5 2. Nf3 Nc6 3. d4 cxd4 4. Nxd4 Nf6 5. Nc3 e5 6. Ndb5 d6 7. Bg5 a6 8.
Na3 b5 9. Bxf6 gxf6 10. Nd5 f5 11. exf5 Bxf5 12. c3 Be6 13. g3 Bg7 14. Bg2 Rc8
15. O-O O-O 16. Nc2 f5 17. f4 Kh8 18. Nce3 Na5 19. Qc2 Nc4 20. Nxc4 Rxc4 21.
Rad1 Rc5 22. Qf2 e4 23. Ne3 Bxa2 24. g4 Be6 25. gxf5 Bxf5 26. Nxf5 Rcxf5 27.
Bxe4 Rxf4 28. Qc2 Qb6+ 29. Kg2 Rg4+ 30. Kh1 Re8 31. Bf3 Rh4 32. Rd2 Be5 33. Rg2
b4 34. Qb3 Qe3 35. Qf7 Rb8 36. Rfg1 Qg5 37. Bd5 Qg6 38. Qf2 Qxg2+ 39. Rxg2 Rh6
40. Qf7 1-0

[Event "OBEM 2015"]
[Site "Germany , Bremen"]
[Date "2015.03.29"]
[Round "2.6"]
[White "Lai Hop, Duong"]
[Black "Dietrich, Igor"]
[Result "1-0"]
[WhiteElo "2142"]
[BlackElo "1880"]
[PlyCount "159"]

1. d4 d5 2. Bf4 Nf6 3. e3 Bf5 4. c4 c6 5. Qb3 Qb6 6. c5 Qxb3 7. axb3 Bxb1 8.
Rxb1 Nh5 9. Bc7 Nd7 10. h3 g6 11. Be2 e5 12. g4 Ng7 13. Nf3 e4 14. Nd2 Ne6 15.
Bg3 Bg7 16. b4 a6 17. Nb3 O-O 18. Na5 Ra7 19. O-O f5 20. Bd6 Rf7 21. gxf5 gxf5
22. Kh1 f4 23. Bg4 Rf6 24. Bxe6+ Rxe6 25. Bxf4 Nf8 26. Bb8 Ra8 27. Bd6 Ra7 28.
Rg1 Rg6 29. Bxf8 Bxf8 30. Rg4 Be7 31. Rbg1 Kg7 32. R1g3 Bd8 33. Kg2 Bc7 34.
Rxg6+ hxg6 35. Rg4 Bxa5 36. bxa5 Ra8 37. Kg3 Rf8 38. Rf4 Rd8 39. f3 exf3 40.
Kxf3 Rh8 41. h4 Re8 42. e4 dxe4+ 43. Rxe4 Rf8+ 44. Ke3 Rf7 45. Re5 Kf6 46. Rg5
Rh7 47. Rg4 Re7+ 48. Re4 Rh7 49. Rf4+ Ke6 50. Ke4 Rh5 51. Kd3 Rh7 52. Kc4 Rh8
53. Re4+ Kf6 54. d5 cxd5+ 55. Kxd5 Rd8+ 56. Kc4 Rd1 57. Rd4 Rb1 58. b4 Ke6 59.
Rd6+ Kf5 60. Rb6 Rc1+ 61. Kb3 Rb1+ 62. Kc2 Rh1 63. Rxb7 Rxh4 64. Kb3 g5 65. Rc7
Ke6 66. Ra7 Rh3+ 67. Ka4 g4 68. Rxa6+ Kf7 69. Ra7+ Kf6 70. Ra6+ Kf7 71. Rd6 g3
72. Rd4 Rh6 73. Rf4+ Kg7 74. Rf1 Rf6 75. Rg1 Rf3 76. a6 Kf7 77. a7 Rf2 78. Kb5
Ra2 79. Kb6 g2 80. Rxg2 1-0

[Event "OBEM 2015"]
[Site "Germany , Bremen"]
[Date "2015.03.29"]
[Round "2.2"]
[White "Lubbe, Alexander"]
[Black "Margraf, Daniel"]
[Result "1/2-1/2"]
[WhiteElo "1905"]
[BlackElo "2291"]
[PlyCount "83"]

1. c4 Nf6 2. Nc3 e5 3. Nf3 Nc6 4. e3 d6 5. d4 Be7 6. Be2 O-O 7. d5 Nb8 8. O-O
Nbd7 9. e4 Nc5 10. Qc2 a5 11. Be3 b6 12. Nd2 Ng4 13. Bxg4 Bxg4 14. f3 Bd7 15.
b3 Bg5 16. f4 exf4 17. Bxf4 f5 18. Bxg5 Qxg5 19. Rae1 fxe4 20. Ndxe4 Qg6 21.
Rxf8+ Rxf8 22. Qd2 Nxe4 23. Nxe4 {(=)} h6 24. Ng3 a4 25. Re7 Rf7 26. Rxf7 Qxf7
27. Qe3 Qf6 28. Ne2 Qa1+ 29. Nc1 a3 30. h3 Bf5 31. g4 Bg6 32. h4 Qb2 33. h5 Bb1
34. Qe8+ Kh7 35. Qe3 Qc2 36. Qf4 b5 37. Kf1 b4 38. Ke1 Qc3+ 39. Ke2 Qc2+ 40.
Ke1 Qc3+ 41. Ke2 Qc2+ 42. Ke1 1/2-1/2

[Event "OBEM 2015"]
[Site "Germany , Bremen"]
[Date "2015.03.29"]
[Round "2.24"]
[White "Friesen, Walter"]
[Black "Jantzen, Ludwig"]
[Result "1-0"]
[WhiteElo "1764"]
[BlackElo "1965"]
[PlyCount "123"]

1. Nf3 d5 2. g3 c6 3. Bg2 Nf6 4. O-O e6 5. d3 Nbd7 6. b3 Bd6 7. Bb2 Qc7 8. Nbd2
O-O 9. c4 Re8 10. Qc2 b6 11. Rfe1 Bb7 12. e4 e5 13. cxd5 cxd5 14. Qxc7 Bxc7 15.
exd5 Bxd5 {(=)} 16. Nc4 e4 17. dxe4 Bxe4 18. Re3 b5 19. Ncd2 Bb6 20. Nxe4 Nxe4
21. Nd4 f5 22. Rae1 Rad8 23. R3e2 g6 24. Bxe4 fxe4 25. Nxb5 Nc5 26. Kg2 Nd3 27.
Rb1 Nxb2 28. Rbxb2 a6 29. Nc3 Bd4 30. Rbc2 Rc8 31. Nd5 Rxc2 32. Rxc2 Rf8 33.
Re2 Kg7 34. Nf4 Re8 35. h4 h6 36. Kf1 g5 37. hxg5 hxg5 38. Nd5 Rf8 39. Kg2 Re8
40. Ne3 Kg6 41. Nc4 Bc5 42. g4 Kf6 43. Kg3 Re6 44. Ne3 Bxe3 45. Rxe3 Ke5 46. f3
Kd4 47. Rxe4+ Rxe4 48. fxe4 Kxe4 49. b4 Kd4 50. a4 Kc4 51. b5 axb5 52. axb5
Kxb5 53. Kf3 Kc6 54. Ke4 Kd6 55. Kf5 Ke7 56. Kxg5 Kf7 57. Kh6 Kg8 58. Kg6 Kh8
59. Kh6 Kg8 60. g5 Kh8 61. g6 Kg8 62. g7 1-0

[Event "OBEM 2015"]
[Site "Germany , Bremen"]
[Date "2015.03.29"]
[Round "2.7"]
[White "Schwenteck, Peter"]
[Black "Bertram, Karsten"]
[Result "0-1"]
[WhiteElo "1888"]
[BlackElo "2133"]
[PlyCount "74"]

1. d4 d5 2. c4 e6 3. g3 c6 4. Nf3 Be7 5. Bg2 f5 6. O-O Nf6 7. Nc3 O-O 8. cxd5
exd5 9. Ne5 Nbd7 10. Nd3 Ne4 11. f3 Nd6 12. b3 Nf6 13. Ne5 Be6 14. Ba3 Nf7 15.
Bxe7 Qxe7 16. Nd3 Rae8 17. b4 Nd6 18. Nb2 Nc4 19. Nxc4 dxc4 20. e4 Qxb4 21. Qc2
b5 22. Rfd1 Qa3 23. d5 cxd5 24. exd5 Bd7 25. Kh1 Re3 26. Nb1 Qc5 27. Qf2 Rfe8
28. Nd2 Qa3 29. Bf1 R3e5 30. Bxc4 Qd6 31. Bb3 a6 32. Nf1 Re2 33. Qd4 Kh8 34.
Rac1 a5 35. Nd2 Rxh2+ 36. Kxh2 Re2+ 37. Kh3 Ne4 0-1

[Event "OBEM 2015"]
[Site "Germany , Bremen"]
[Date "2015.03.29"]
[Round "2.8"]
[White "Peters, Frank"]
[Black "Gebur, Thomas"]
[Result "0-1"]
[WhiteElo "2109"]
[BlackElo "1870"]
[PlyCount "68"]

1. c4 c5 2. g3 Nc6 3. Nf3 e5 4. Nc3 g6 5. Bg2 Bg7 6. d3 d6 7. O-O Nge7 8. a3
O-O 9. Rb1 a5 10. Bd2 h6 11. Ne1 Be6 12. Nd5 Rb8 13. Nc2 b5 14. b3 f5 15. e3 g5
16. Qe2 Bd7 17. cxb5 Rxb5 18. d4 Rb8 19. dxc5 dxc5 20. Qc4 Kh8 21. Nxe7 Qxe7
22. f4 e4 23. Bc3 Be6 24. Bxg7+ Kxg7 25. Qa4 Qb7 26. Na1 Rfd8 27. Rbc1 Qb6 28.
Rc3 Rd2 29. Rfc1 Rbd8 30. b4 axb4 31. axb4 Ra2 32. bxc5 Qb2 33. R3c2 Qxc1+ 34.
Rxc1 Rxa4 0-1

[Event "OBEM 2015"]
[Site "Germany , Bremen"]
[Date "2015.03.29"]
[Round "2.37"]
[White "Weinitschke, Harald"]
[Black "Sommer, Andreas"]
[Result "1-0"]
[WhiteElo "1341"]
[BlackElo "1723"]
[PlyCount "113"]

1. Nf3 d5 2. d4 Nf6 3. g3 Bf5 4. Bg2 e6 5. O-O Be7 6. b3 O-O 7. Nbd2 Nbd7 8.
Bb2 Ne4 9. Rc1 c6 10. c4 Ndf6 11. Nh4 Nxd2 12. Qxd2 Ne4 13. Bxe4 Bxe4 14. Ng2
h6 15. f3 Bh7 16. Rce1 Rc8 17. e4 b6 18. cxd5 cxd5 19. Re2 a5 20. Rfe1 Bb4 21.
Qe3 Bxe1 22. Rxe1 Rc2 23. Ba3 Re8 24. exd5 Qxd5 25. Nf4 Qg5 26. Rc1 Rec8 27.
Rxc2 Rxc2 28. d5 e5 29. Qxb6 Bf5 30. Qb8+ Kh7 31. Qxe5 Rd2 32. Be7 Rd1+ 33. Kf2
Rf1+ 34. Ke2 f6 35. Bxf6 gxf6 36. Qe7+ Kg8 37. Kxf1 Bb1 38. Qe8+ Kh7 39. Qf7+
Qg7 40. Qxg7+ Kxg7 41. a3 Kf7 42. Ke2 Bc2 43. b4 axb4 44. axb4 Ba4 45. Kd3 Ke7
46. Ke4 Bd7 47. Ne6 Kd6 48. Nd4 h5 49. f4 Kc7 50. Ne6+ Kd6 51. Ng7 Bg4 52. h3
Bd1 53. Nf5+ Kd7 54. Kd4 Be2 55. Kc5 Bf1 56. h4 Bg2 57. b5 1-0

[Event "OBEM 2015"]
[Site "Germany , Bremen"]
[Date "2015.03.29"]
[Round "2.13"]
[White "Haerig, Wilfried"]
[Black "Klemm, Robert"]
[Result "1/2-1/2"]
[WhiteElo "2045"]
[BlackElo "1860"]
[PlyCount "135"]

1. e4 d6 2. d4 c6 3. Nf3 Nf6 4. Nc3 g6 5. Be3 Qc7 6. h3 e5 7. Qd2 h6 8. Be2 Bg7
9. dxe5 dxe5 10. Rd1 Nbd7 11. O-O Nh5 12. Ne1 Nf4 13. Nd3 g5 14. Bxf4 gxf4 15.
g3 h5 16. gxf4 Bh6 17. Kh2 exf4 18. f3 Nf8 19. Rg1 Qe7 20. Nf2 Ng6 21. Qd6 Be6
22. Na4 Qh4 23. Rg2 Bf8 24. Qc7 Qe7 25. Qa5 Qb4 26. Qxb4 Bxb4 27. Nd3 Be7 28.
Ndc5 Bc8 29. Nb3 Bh4 30. Bf1 Bg3+ 31. Kh1 Nh4 32. Rgd2 Ke7 33. Nd4 Rg8 34. Nc5
b6 35. Nxc6+ Kf6 36. e5+ Kg7 37. Ne4 Nxf3 38. Rd6 Bb7 39. Nxg3 fxg3 40. Bg2
Bxc6 41. Rxc6 Nxe5 42. Rc3 Rad8 43. Rxg3+ Ng6 44. Bf3 h4 45. Rgg1 Kf6 46. Bd5
Rd7 47. Rdf1+ Kg7 48. Rf5 Rf8 49. Rfg5 Rd6 50. R1g4 Re8 51. Be4 Rd4 52. Bd3
Rxg4 53. Rxg4 Kf6 54. Kg2 Re3 55. Bf1 Ke5 56. Kf2 Re4 57. Rxe4+ Kxe4 58. b4 Ne5
59. a4 Kd4 60. a5 Kc3 61. axb6 axb6 62. b5 Kxc2 63. Ke3 Kc3 64. Ke4 Ng6 65. Kf5
Kb4 66. Kf6 Nf4 67. Kxf7 Nxh3 68. Bxh3 1/2-1/2

[Event "OBEM 2015"]
[Site "Germany , Bremen"]
[Date "2015.03.29"]
[Round "2.35"]
[White "Scheunemann, Daniel"]
[Black "Balazs, Kata"]
[Result "1-0"]
[WhiteElo "1361"]
[BlackElo "1747"]
[PlyCount "73"]

1. d4 Nf6 2. c4 e6 3. Nc3 Bb4 4. Bd2 b6 5. Nf3 Bb7 6. e3 O-O 7. Bd3 d6 8. O-O
Nbd7 9. Qc2 Bxf3 10. gxf3 e5 11. Ne2 Bxd2 12. Qxd2 Qe7 13. Kh1 exd4 14. exd4
Rfe8 15. Rae1 Nf8 16. Rg1 Qd7 17. Rg2 Qh3 18. Rg3 Qh4 19. Reg1 Ng6 20. Bxg6
fxg6 21. Nf4 Nh5 22. Rg4 Qf6 23. Nxh5 Qxf3+ 24. R1g2 gxh5 25. Rxg7+ Kh8 26.
R7g3 Qc6 27. Qc3 d5 28. c5 Rg8 29. Qf3 Rxg3 30. Qxg3 Qf6 31. Qxc7 Re8 32. h3
bxc5 33. dxc5 Qxb2 34. Qxa7 Re1+ 35. Kh2 Qe5+ 36. Rg3 Rf1 37. Qa8+ 1-0

[Event "OBEM 2015"]
[Site "Germany , Bremen"]
[Date "2015.03.29"]
[Round "2.31"]
[White "Bruening, Martin"]
[Black "Proske, Matthias"]
[Result "1-0"]
[WhiteElo "1778"]
[BlackElo "1407"]
[PlyCount "95"]

1. d4 Nf6 2. Nf3 g6 3. c4 Bg7 4. Nc3 d5 5. e3 a6 6. a3 c5 7. dxc5 Nbd7 8. cxd5
Nxc5 9. Be2 O-O 10. O-O b5 11. Ne1 Qd6 12. Bf3 h5 13. Nd3 Nxd3 14. Qxd3 Nd7 15.
e4 Ne5 16. Qe2 Nxf3+ 17. Qxf3 Be5 18. h3 f5 19. Qd3 f4 20. f3 Qf6 21. Bd2 Qg5
22. Kh1 Qh6 23. Be1 g5 24. Kg1 Rf7 25. Kf2 g4 26. Ke2 gxh3 27. gxh3 Bxh3 28.
Rg1+ Kh8 29. Bf2 Rg8 30. Bd4 Qf6 31. Bxe5 Qxe5 32. Rxg8+ Kxg8 33. Rg1+ Rg7 34.
Qd1 Rg2+ 35. Rxg2+ Bxg2 36. Qg1 Qg7 37. Qh2 Qg5 38. Kf2 Qg3+ 39. Qxg3+ fxg3+
40. Kxg2 h4 41. Kh3 Kg7 42. Kxh4 g2 43. Ne2 Kf6 44. Kg3 g1=Q+ 45. Nxg1 Ke5 46.
Ne2 a5 47. b4 axb4 48. axb4 1-0

[Event "OBEM 2015"]
[Site "Germany , Bremen"]
[Date "2015.03.29"]
[Round "2.16"]
[White "Meyer, Thorsten"]
[Black "Wuttke, Manfred"]
[Result "1-0"]
[WhiteElo "2004"]
[BlackElo "1802"]
[PlyCount "65"]

1. e4 d6 2. d4 Nf6 3. Nc3 g6 4. f3 Bg7 5. Be3 O-O 6. Qd2 Na6 7. O-O-O c6 8. Bh6
b5 9. Kb1 Qa5 10. Nd5 Qd8 11. Nxf6+ exf6 12. h4 f5 13. Bxg7 Kxg7 14. h5 g5 15.
h6+ Kg8 16. Bd3 Qf6 17. Rh5 f4 18. Ne2 Nc7 19. g3 Qg6 20. Rdh1 f6 21. gxf4 Kh8
22. fxg5 Ne6 23. f4 Qf7 24. gxf6 Qxf6 25. Rf5 Qe7 26. Rxf8+ Qxf8 27. d5 cxd5
28. exd5 Nc5 29. Qc3+ Kg8 30. Rg1+ Kf7 31. Rg7+ Ke8 32. Bxb5+ Kd8 33. Qa5# 1-0

[Event "OBEM 2015"]
[Site "Germany , Bremen"]
[Date "2015.03.29"]
[Round "2.17"]
[White "Zhong, Xianghui"]
[Black "Veit, Ingo"]
[Result "0-1"]
[WhiteElo "1817"]
[BlackElo "2001"]
[PlyCount "54"]

1. d4 e6 2. c4 f5 3. Nf3 Nf6 4. Nc3 Be7 5. e3 b6 6. Bd3 Bb7 7. O-O O-O 8. Re1
Be4 9. Ng5 Bxd3 10. Qxd3 Nc6 11. e4 Nh5 12. Nf3 f4 13. Ne2 Qe8 14. a3 d6 15. d5
Ne5 16. Nxe5 dxe5 17. dxe6 Rd8 18. Qh3 Rf6 19. g4 fxg3 20. fxg3 Bc5+ 21. Kh1
Qg6 22. Nc3 Rd3 23. Nd5 Nxg3+ 24. hxg3 Rxg3 25. Nxf6+ gxf6 26. Qh2 Qg4 27. e7
Qf3+ 0-1

[Event "OBEM 2015"]
[Site "Germany , Bremen"]
[Date "2015.03.29"]
[Round "2.11"]
[White "Webner, Dennis"]
[Black "Erofeev, Anastasia"]
[Result "1/2-1/2"]
[WhiteElo "2073"]
[BlackElo "1864"]
[PlyCount "66"]

1. d4 d5 2. Bf4 e6 3. e3 Nf6 4. Bd3 Nbd7 5. Nf3 Be7 6. Nbd2 O-O 7. Ne5 c5 8. c3
c4 9. Bc2 Nxe5 10. dxe5 Nd7 11. h4 f5 12. Nf3 Nc5 13. g4 Ne4 14. gxf5 exf5 15.
Bg5 Rf7 16. Rg1 Be6 17. Nd4 Qc8 18. f4 Bc5 19. Qe2 Bxd4 20. exd4 Qd7 21. Qg2
Kh8 22. h5 Rb8 23. Rd1 b5 24. a3 a5 25. h6 g6 26. Bxe4 fxe4 27. Bf6+ Kg8 28.
Rd2 Bf5 29. Qh2 Kf8 30. Rg3 Re8 31. Qh4 Re6 32. Bd8 Ra6 33. Kf1 Ke8 1/2-1/2